Quizzes
Events
Quiz Creation
Community
Videos
Private Events
Remove Ads
Sign In
Join for FREE
Feedback
Dark Mode
Quiz Categories
Sports
Geography
Music
Movies
Television
Just For Fun
Miscellaneous
History
Literature
Language
Science
Gaming
Entertainment
Religion
Holiday
For Kids
Quiz Lab
Recent
Popular Today
Quiz Kudos Today
Editor Picks
Curator Picks
Quizzes by...
Day
Popularity
Type
Ratings
Length
Year
Community
Subscriptions
Recent Discussions
Orange Saloon
Badges
Playlists
Quests
Create
Leaderboards
Showdown
Live 5
Trivia Bingo
Activity
Puzzle Library
Sporcle Events
Private Events
Virtual Trivia
Globe League
Become a Host
Pub Owners
SporcleCon
Opinionation
Our Games
Videos
Blog
Mobile Apps
Partnerships
Remove Ads and Go Orange
Feedback
Television
TV Characters
TV Show
Sitcom
Network
Friends
Reality Shows
Cast
South Park
Star Trek
The Simpsons
Doctor Who
Television
TV Characters
TV Show
Sitcom
Network
Friends
Reality Shows
Cast
South Park
Star Trek
The Simpsons
Doctor Who
Random Quiz
Search Sporcle
×
Quiz Lab
Quiz Lab
Television
Logic
Type in answers that appear in a list
Type in answers that appear in a list
Classic
Best Score? Go Orange.
RuPaul's Drag Race: Logic Quiz Stats
Can you complete the RuPaul's Drag Race: Logic Quiz?
By
georgia_97
15m
36 Questions
36.8K Plays
36,761 Plays
36,761 Plays
Comments
Comments
Give Quiz Kudos
Give Quiz Kudos
-
- Ratings
hide this ad
Forced Order
Answers have to be entered in order
Answers have to be entered in order
Minefield
Wrong answers will end the quiz
Wrong answers will end the quiz
Wrong Answers
Some wrong answers will appear in red
Some wrong answers will appear in red
Replay
Link that replays current quiz
Next Quiz
Link to next quiz in quiz playlist
You Got
0%
They Got
Avg Score
26%
Avg Friend Score
Upgrade to see
Score Distribution
Jump to the score distribution portion of the page
Score
0/36
Timer
15:00
3
Plays Today
Box
Queen
% Correct
A1
???
100%
E5
???
64.7%
B2
???
63.3%
F6
???
58.1%
A5
???
44%
A4
???
38.8%
D2
???
36.4%
B5
???
32.3%
C4
???
30.3%
A6
???
29.7%
E2
???
27.4%
C5
???
27%
F4
???
26.1%
A2
???
25.8%
D3
???
24.9%
A3
???
24.8%
C2
???
24.6%
F1
???
23.5%
Box
Queen
% Correct
D5
???
23.3%
C6
???
22.5%
C1
???
20.3%
B6
???
19.6%
F5
???
17.4%
C3
???
17.4%
B1
???
16.8%
E3
???
15.4%
D1
???
14.9%
B3
???
12.6%
E1
???
10%
D4
???
9.7%
E4
???
9.1%
F2
???
8.5%
E6
???
8.2%
B4
???
7.8%
D6
???
5.6%
F3
???
4.7%
Quiz Playlist
Details
Report
Send in Message
Add To Playlist
Classic:
Type in answers that appear in a list
Forced Order:
Answers have to be entered in order
Minefield:
Wrong answers will end the quiz
Wrong Answers:
Some wrong answers will appear in red
Last Updated: Apr 21, 2019
Quiz Scoreboard
CHALLENGE
Sign Up to Join the Scoreboard
Show All
Scores
Hide
Comments
May contain spoilers
Recently Published
Presidents Visiting Landmarks
by Hejman
History
7m
An Introduction to Baseball
by treessimontrees
Sports
5m
Movies - When Are They Set?
by FPL_Elf
Movies
5m
More to Explore
Quiz From the Vault
Featured Blog Post
Where Did the Easter Bunny Come From?
hide this ad
You Might Also Like...
Tags
Logic Quiz
Puzzle Quiz
Reality Shows Quiz
TV Show Quiz
competition
Drag Queen
Drag Racing
Queen
Rupaul's Drag Race
Today's Top Quizzes in Television
Browse Television
hide this ad
Today's Top Quizzes in Logic
Browse Logic
Top Contributed Quizzes in Television
1
One Piece Logic Puzzle
2
5-to-1: The Simpsons Families
3
Survivor Logic Puzzle: Heroes vs. Villains
4
5-to-1: Television Doctors
5
7-to-1: TV Show Settings
6
Survivor Seasons
7
5-to-1: Streaming Originals
8
Survivor Season by Logo
9
One Thing in Common: Television
10
TV Shows by First Names
Explore More
Trending Topics
Harry Potter
Anime
Marvel
Crossword
NBA
Disney
Kpop
Song
The Office
Pokémon
Country
WWE
NFL
Soccer
Puzzle
hide this ad
More By:
georgia_97
Quiz
Plays
Rating
Category
Featured
Created
Taylor Swift: Logic Puzzle
69,755
4.33
Music
Apr 13, 2019
RuPaul's Drag Race: Logic Quiz
36,761
3.09
Television
Apr 5, 2019
RuPaul's Drag Race: Logic Quiz 2
25,755
3.67
Television
Jul 24, 2019
Ariana Grande Songs
17,558
4.92
Music
Feb 17, 2019
Taylor Swift: All Too Well (10 Min) (Lyrics) Part 1
8,144
4.11
Music
Feb 1, 2022
Go to Creator's Profile
Score Distribution
Quiz Creator Spotlight
georgia_97
Follow
Send a Message
Quizzes Created
-
Created Quiz Play Count
-
More By This Creator
Popular Quizzes Today
1
Find the US States - No Outlines Minefield
2
Find the Countries of Europe - No Outlines Minefield
3
The Countries of the World
4
Find the US States
5
Popular People in 1961
6
US States
7
Risky Map Clicking: Biggest States A-Z
8
1-10 Letter E Words III
More Television Quizzes
Pick the Arrowverse Crossover Events
Quiz Lab
Trending Quizzes
Risky Map Clicking: Least Populous States A-Z
1-10 Letter G Words
1-10 Letter F Words
One Thing in Common: United Kingdom
Risky Map Clicking: Next State Alphabetically
Recently Updated
Leaping Animals
pecheneg
Reality TV Shows (A-Z)
bhenderson79
Rickey Henderson's Hall of Fame Teammates
pecheneg
Champions League XIs: Arsenal
pecheneg
Quick Pick: Celebrities in WWE's Hall of Fame
aduchscher
A-Z Keypad Blitz II
pecheneg
Multiple Oscar Actors
pecheneg
Mystery Phrase Blitz: Oscar 'Best Actors'
pecheneg
F. Scott Fitzgerald Novels
LTH
Pick 3 Villains
ddd62291
Trending Topics
Harry Potter
Kpop
Crossword
Disney
Anime
Marvel
NBA
Pokémon
Puzzle
Country
Soccer
WWE
Song
NFL
The Office
Your Account Isn't Verified!
In order to create a playlist on Sporcle, you need to verify the email address you used during registration. Go to your
Sporcle Settings
to finish the process.
Report this User
Report this user for behavior that violates our
Community Guidelines
.
Details:
Send Report
Go to the Sporcle.com Mobile Site →
Comments